000 00320nam a2200133Ia 4500
008 191201s2007 xx 000 0 und d
082 _a658.8
_bRAI
100 _aGOPAL, Raj
245 0 _aInternational Marketing
260 _aN.Delhi
_bVikas Publication House
_c2007
300 _a533
650 _aMBA
942 _2ddc
_cBK
999 _c2638
_d2638